000 01159nam a2200289 a 4500
001 70450
003 BD-RjUL
005 20211209082012.0
008 170417s1988 si a b 100 0 eng
020 _a9971504316
035 _a(BD-RjUL)70664
040 _aDLC
_cDLC
_dBD-RjUL
_beng
041 _aeng
082 0 0 _a523.01
_223
_bPRO 1988
111 2 _aCanadian Conference on General Relativity and Relativistic Astrophysics
_n(2nd :
_d1987 :
_cUniversity of Toronto)
_9208567
245 1 0 _aProceedings of the 2nd Canadian Conference on General Relativity and Relativistic Astrophysics :
_bUniversity of Toronto, 14-16 May 1987 /
_c[editors], A.A. Coley, C.C. Dyer, B.O.J. Tupper.
260 _aSingapore :
_bWorld Scientific,
_c1988.
300 _axxvi, 398 p. :
_bill. ;
_c22 cm.
504 _aIncludes bibliographies.
650 0 _aRelativistic astrophysics
_xCongresses.
_9208568
650 0 _aGeneral relativity (Physics)
_xCongresses.
_9208569
700 1 _aColey, A. A.
_9208570
700 1 _aDyer, C. C.
_q(Charles Chester),
_d1946-
_9208571
700 1 _aTupper, B. O. J.
_q(Brian Owen Joseph)
_9208572
942 _2ddc
_cBK
999 _c70450
_d70450